[Event "International Championship of Central S"]
[Site "Paracin"]
[Date "2014.07.09"]
[Round "7.24"]
[White "Mulenko, Alexander"]
[Black "Todic, Zoran"]
[Result "0-1"]
[WhiteElo "2000"]
[BlackElo "2267"]
[PlyCount "62"]
[EventDate "2014.07.04"]

1. g3 e5 2. Nf3 e4 3. Nd4 c5 4. Nb3 c4 5. Nd4 Bc5 6. c3 Nc6 7. Nxc6 dxc6 8. Bg2
Nf6 9. O-O h5 10. b3 cxb3 11. axb3 h4 12. d4 exd3 13. Qxd3 Qe7 14. Ba3 hxg3 15.
Qxg3 Be6 16. Bxc5 Qxc5 17. b4 Qb6 18. Rd1 Rh6 19. Kf1 Rd8 20. Nd2 Rg6 21. Qf4
Nd5 22. Bxd5 Bh3+ 23. Bg2 Rxg2 24. Qe4+ Kf8 25. Qxg2 Bxg2+ 26. Kxg2 Qb5 27. Kf1
Re8 28. Re1 Qh5 29. Nf3 Qh3+ 30. Kg1 Re4 31. Kh1 Rxe2 0-1

[Event "International Championship of Central S"]
[Site "Paracin"]
[Date "2014.07.09"]
[Round "7.25"]
[White "Drogovoz, Irina"]
[Black "Dimic, Pavle"]
[Result "1/2-1/2"]
[WhiteElo "2073"]
[BlackElo "2261"]
[PlyCount "80"]
[EventDate "2014.07.04"]

1. e4 c5 2. Nc3 Nc6 3. f4 g6 4. Nf3 Bg7 5. Bb5 Nd4 6. O-O a6 7. Bd3 d6 8. Nxd4
cxd4 9. Ne2 Nf6 10. Kh1 e5 11. c3 dxc3 12. dxc3 O-O 13. Ng3 exf4 14. Bxf4 Ng4
15. Be2 Ne5 16. Qd2 Qe7 17. Rad1 Rd8 18. c4 Be6 19. b3 h5 20. Bxh5 gxh5 21.
Nxh5 f6 22. Rde1 Qf7 23. Nxg7 Qxg7 24. Re3 Kh7 25. Rg3 Qe7 26. Qe2 Qf7 27. Bg5
fxg5 28. Rxf7+ Nxf7 29. Kg1 Kg6 30. Qd2 Rac8 31. a4 Rc5 32. Rf3 Re8 33. Qf2 Kg7
34. Rf6 Re5 35. Rf3 b5 36. axb5 axb5 37. Rc3 bxc4 38. bxc4 Rxe4 39. c5 dxc5 40.
Rxc5 Rc4 1/2-1/2

[Event "International Championship of Central S"]
[Site "Paracin"]
[Date "2014.07.09"]
[Round "7.26"]
[White "Ardeleanu, Alin"]
[Black "Tisma, Ivan"]
[Result "1-0"]
[WhiteElo "2338"]
[BlackElo "2095"]
[PlyCount "91"]
[EventDate "2014.07.04"]

1. e4 c5 2. Nf3 Nc6 3. Bb5 g6 4. O-O Bg7 5. c3 Nf6 6. e5 Nd5 7. d4 cxd4 8. cxd4
O-O 9. Nc3 Nc7 10. Ba4 d6 11. Bxc6 bxc6 12. h3 Ne6 13. Be3 d5 14. Qd2 f5 15.
Ng5 Nc7 16. f4 h6 17. Nf3 Ne6 18. Na4 Ba6 19. Rfc1 Qc7 20. Nh4 g5 21. fxg5 f4
22. gxh6 fxe3 23. Qxe3 Rf4 24. Qg3 Rxd4 25. hxg7 Nf4 26. Nc3 Qxe5 27. Nf3 Rd3
28. Re1 Qf6 29. Na4 Rb8 30. Rab1 Qd6 31. Qh4 Rxf3 32. gxf3 Ng6 33. Qf2 Rb4 34.
Nc5 Bc8 35. Rbd1 Nf4 36. Kh1 Nxh3 37. Qh2 Qxc5 38. Rc1 Rc4 39. Rxc4 Qxc4 40.
Qc7 Nf2+ 41. Kg1 Nh3+ 42. Kh1 Nf2+ 43. Kg2 Bh3+ 44. Kg3 e6 45. Qe7 Ne4+ 46.
Rxe4 1-0

[Event "International Championship of Central S"]
[Site "Paracin"]
[Date "2014.07.09"]
[Round "7.27"]
[White "Popovic, Djordje D"]
[Black "Strebkovs, Andrejs"]
[Result "1-0"]
[WhiteElo "2208"]
[BlackElo "2357"]
[PlyCount "79"]
[EventDate "2014.07.04"]

1. d4 Nf6 2. c4 g6 3. Nc3 Bg7 4. e4 O-O 5. Nf3 d6 6. Be2 Bg4 7. Be3 Nfd7 8. O-O
c5 9. d5 Na6 10. Ng5 Bxe2 11. Qxe2 Nc7 12. f4 h6 13. Nf3 a6 14. e5 b5 15. Rad1
bxc4 16. f5 dxe5 17. d6 Nb5 18. dxe7 Qxe7 19. fxg6 Nxc3 20. gxf7+ Rxf7 21. bxc3
Nb6 22. Nd2 Rd8 23. Rxf7 Qxf7 24. Rf1 Qd5 25. Qg4 Qd7 26. Qg6 Qd3 27. Qe6+ Kh7
28. Rf3 Qg6 29. Qe7 Qd6 30. Qh4 Re8 31. Ne4 Qd1+ 32. Rf1 Qd8 33. Nf6+ Bxf6 34.
Qxh6+ Kg8 35. Rxf6 Re7 36. Rg6+ Kf7 37. Qh7+ Ke8 38. Rg8+ Kd7 39. Rxd8+ Kxd8
40. Bg5 1-0

[Event "International Championship of Central S"]
[Site "Paracin"]
[Date "2014.07.09"]
[Round "7.28"]
[White "Yordanov, Nikolay"]
[Black "Cvetkovic, Srdjan"]
[Result "1/2-1/2"]
[WhiteElo "2177"]
[BlackElo "2325"]
[PlyCount "41"]
[EventDate "2014.07.04"]

1. e4 c5 2. c3 d5 3. exd5 Qxd5 4. d4 e6 5. Nf3 Nf6 6. a3 Nc6 7. Be3 cxd4 8.
cxd4 Be7 9. Nc3 Qd6 10. Bd3 O-O 11. O-O Bd7 12. Qe2 Rad8 13. Rad1 g6 14. Bb1
Nd5 15. Ne4 Qc7 16. Ba2 Qa5 17. Bg5 Bxg5 18. Nfxg5 f6 19. Nf3 Qc7 20. Rfe1 Bc8
21. Nc3 1/2-1/2

[Event "International Championship of Central S"]
[Site "Paracin"]
[Date "2014.07.09"]
[Round "7.29"]
[White "Todorovic, Nenad I"]
[Black "Popovic, Aleksandar M"]
[Result "0-1"]
[WhiteElo "2173"]
[BlackElo "2323"]
[PlyCount "108"]
[EventDate "2014.07.04"]

1. e4 e5 2. Nf3 Nc6 3. Bb5 a6 4. Ba4 Nf6 5. d3 d6 6. c4 g6 7. Nc3 Bg7 8. d4
exd4 9. Nxd4 Bd7 10. Bxc6 bxc6 11. O-O O-O 12. f4 Re8 13. Re1 Ng4 14. h3 Qh4
15. Nf3 Qf2+ 16. Kh1 Bxc3 17. bxc3 Nf6 18. e5 Nh5 19. Be3 Qg3 20. Ng5 Nxf4 21.
Qd2 Nh5 22. Ne4 Qh4 23. Bf2 Qd8 24. exd6 Bf5 25. dxc7 Qxc7 26. Nd6 Rxe1+ 27.
Rxe1 Be6 28. c5 Qa5 29. Re2 Qa4 30. Qd4 Qxd4 31. cxd4 Nf4 32. Rb2 Bd5 33. Be3
Nd3 34. Rd2 Nc1 35. a4 Nb3 36. Rf2 Kg7 37. Bf4 f6 38. Re2 g5 39. Bg3 Nxd4 40.
Re7+ Kg6 41. Bf2 Ne6 42. Kh2 Rb8 43. Nb7 h5 44. g4 hxg4 45. hxg4 Rh8+ 46. Kg3
Nf4 47. Bd4 Rh3+ 48. Kf2 Rh2+ 49. Ke1 Nd3+ 50. Kf1 Rh1+ 51. Bg1 Rh4 52. Re3 Ne5
53. Rg3 Nxg4 54. Nd6 Ne5 0-1

[Event "International Championship of Central S"]
[Site "Paracin"]
[Date "2014.07.09"]
[Round "7.30"]
[White "Tscharotschkin, Michael"]
[Black "Svicevic, Rastko"]
[Result "0-1"]
[WhiteElo "2179"]
[BlackElo "2300"]
[PlyCount "98"]
[EventDate "2014.07.04"]

1. e4 c5 2. Nf3 g6 3. c3 Bg7 4. d4 cxd4 5. cxd4 d5 6. e5 Nc6 7. Nc3 f6 8. Be2
Bg4 9. Qb3 Bxf3 10. Bxf3 e6 11. Qxb7 Nge7 12. exf6 Bxf6 13. O-O Nxd4 14. Bg4
O-O 15. Bh6 Rf7 16. Qa6 Nef5 17. Be3 Nc2 18. Rac1 Ncxe3 19. fxe3 Qb6 20. Qxb6
axb6 21. e4 dxe4 22. Nxe4 Bd4+ 23. Kh1 Rxa2 24. Ng5 Re7 25. b4 h6 26. Nf3 Bf2
27. Ne5 Kg7 28. Nd3 Bd4 29. Rfe1 Rd2 30. Nf4 e5 31. Nh5+ Kf7 32. Rc6 e4 33.
Bxf5 gxf5 34. Rxh6 Bf2 35. Rf6+ Ke8 36. Ra1 e3 37. Nf4 e2 38. Nxe2 Rdxe2 39.
Ra8+ Kd7 40. g3 Bd4 41. Rxf5 Rb2 42. Ra7+ Ke6 43. Rxe7+ Kxf5 44. Rf7+ Ke4 45.
h4 Be5 46. Re7 Kf5 47. g4+ Kf4 48. Kg1 Bd4+ 49. Kf1 Kxg4 0-1

[Event "International Championship of Central S"]
[Site "Paracin"]
[Date "2014.07.09"]
[Round "7.31"]
[White "Djordjevic, Vuk"]
[Black "Dezelin, Milan"]
[Result "1/2-1/2"]
[WhiteElo "2148"]
[BlackElo "2298"]
[PlyCount "60"]
[EventDate "2014.07.04"]

1. e4 c5 2. Nc3 Nc6 3. g3 Rb8 4. Bg2 g6 5. d3 Bg7 6. Be3 d6 7. Nge2 Nd4 8. O-O
h5 9. h4 Qa5 10. Bd2 Bg4 11. f3 Bd7 12. Nd5 Qd8 13. c3 Nc6 14. Ne3 b5 15. Qc2
Qb6 16. Nd5 Qb7 17. a3 e6 18. Ne3 Rc8 19. f4 Qb6 20. Kh1 f5 21. Rae1 Nf6 22.
Ng1 O-O 23. Nh3 Ng4 24. Ng5 Nd8 25. Re2 Bf6 26. Nh3 Kg7 27. Rfe1 Bc6 28. Nxg4
hxg4 29. Nf2 Rh8 30. Kg1 a5 1/2-1/2

[Event "International Championship of Central S"]
[Site "Paracin"]
[Date "2014.07.09"]
[Round "7.32"]
[White "Vojinovic, Jovana"]
[Black "Visanescu, Daria-Ioana"]
[Result "1-0"]
[WhiteElo "2297"]
[BlackElo "2090"]
[Annotator "Boban,Milojevic"]
[PlyCount "74"]
[EventDate "2014.07.04"]

1. d4 g6 2. Nc3 Bg7 3. e4 d6 4. Be3 a6 5. h4 h6 6. a4 Nc6 7. Qd2 Nf6 8. f3 Nh5
9. Nge2 Na5 10. b3 b6 11. Rd1 Bb7 12. g3 Nf6 13. Bg2 Qd7 14. Nf4 g5 15. hxg5
hxg5 16. Rxh8+ Bxh8 17. Nh3 O-O-O 18. Nxg5 e6 19. Qe2 Nc6 20. Kd2 Qe7 21. Rh1
Nd7 22. Qd3 Bxd4 23. Bxd4 Nxd4 24. Qxd4 Qxg5+ 25. Qe3 Qa5 26. Kc1 Qb4 27. Na2
Qa3+ 28. Kb1 Ne5 29. Rh5 Kb8 30. Bf1 Qc5 31. Qxc5 dxc5 32. Be2 Nc6 33. Kc1 Nd4
34. Bd1 Kc8 35. Nc3 Rf8 36. Nb1 Kd7 37. Nd2 Ke7 {... necitko} 1-0

[Event "International Championship of Central S"]
[Site "Paracin"]
[Date "2014.07.09"]
[Round "7.33"]
[White "Nielsen, Rogvi Egilstoft"]
[Black "Djokic, Nebojsa"]
[Result "1/2-1/2"]
[WhiteElo "2288"]
[BlackElo "2186"]
[PlyCount "145"]
[EventDate "2014.07.04"]

1. e4 c5 2. c3 g6 3. d4 cxd4 4. cxd4 d5 5. exd5 Nf6 6. Nc3 Bg7 7. Bb5+ Nbd7 8.
d6 O-O 9. dxe7 Re8 10. Nf3 Rxe7+ 11. Be2 Nb6 12. O-O Bg4 13. h3 Bxf3 14. Bxf3
Rd7 15. Ne2 Nfd5 16. Qb3 Qh4 17. a4 Rad8 18. a5 Nc8 19. Nc3 Nce7 20. Ne4 Nf4
21. g3 Ne2+ 22. Kg2 Nxc1 23. Raxc1 Qh6 24. Nc5 Rxd4 25. Nxb7 R8d7 26. Nc5 Rd8
27. Ne4 Rd3 28. Qb7 Nf5 29. Rc8 Be5 30. Bg4 Qf8 31. Rfc1 Ne7 32. R8c5 Bg7 33.
Rc7 Nd5 34. Rc8 Ne7 35. R8c7 Nd5 36. Rc8 Ne7 37. Rxd8 Rxd8 38. Rc7 Nd5 39. Rd7
Rxd7 40. Qxd7 Nf6 41. Nxf6+ Bxf6 42. Qxa7 Bxb2 43. Bf3 Qd6 44. Qa8+ Kg7 45. Qd5
Qf6 46. Be2 Bd4 47. Qf3 Qe6 48. Bd3 h5 49. a6 Qe7 50. Bc4 Qd7 51. h4 f6 52. Qd5
Qa7 53. Qg8+ Kh6 54. Qf8+ Qg7 55. Qxg7+ Kxg7 56. f4 Kf8 57. Kf3 Ke7 58. Ke2 Bg1
59. Bg8 Kf8 60. Bb3 Ke7 61. Bc4 Kd8 62. Bb3 Ke7 63. Ba2 Ba7 64. Kd3 Bf2 65. Ke2
Ba7 66. Bd5 Bb6 67. Kd3 Bf2 68. Kc4 Kd6 69. Bf7 Kc6 70. Bxg6 Bxg3 71. Bxh5 Bxh4
72. Kd4 Kb6 73. Ke3 1/2-1/2

[Event "International Championship of Central S"]
[Site "Paracin"]
[Date "2014.07.09"]
[Round "7.34"]
[White "Kuzmanovic, Slobodan"]
[Black "Dauletova, Gulmira"]
[Result "0-1"]
[WhiteElo "2120"]
[BlackElo "2252"]
[PlyCount "130"]
[EventDate "2014.07.04"]

1. e4 c5 2. Nf3 a6 3. c3 b5 4. a4 Bb7 5. axb5 Bxe4 6. bxa6 Qb6 7. Bc4 e6 8. O-O
Nxa6 9. d4 Nf6 10. Re1 Nc7 11. Rxa8+ Bxa8 12. Ne5 Be7 13. Bg5 cxd4 14. Qa4 Qb7
15. Bf1 Ncd5 16. Qxd4 Qxb2 17. Nd2 Qxc3 18. Qa7 O-O 19. Nxd7 Nxd7 20. Bxe7 Nxe7
21. Qxd7 Nd5 22. Nf3 Nf4 23. Re3 Qf6 24. Qd4 Qxd4 25. Nxd4 Rc8 26. Ne2 Nxe2+
27. Rxe2 Bd5 28. Re1 g5 29. Be2 Rc2 30. h3 Kg7 31. Bh5 f5 32. Be8 Kf8 33. Bh5
Ke7 34. Ra1 Ra2 35. Rxa2 Bxa2 36. Kf1 Bd5 37. g3 Kd6 38. Ke2 Bg2 39. h4 gxh4
40. gxh4 Ke5 41. Ke3 f4+ 42. Ke2 Bd5 43. Bg4 Kd4 44. f3 Kc3 45. Kf2 Kd4 46. Ke2
Bc4+ 47. Kd2 Ke5 48. Ke1 Kf6 49. Kf2 Bd3 50. Bh5 Bg6 51. Bg4 Bf5 52. Bh5 Kg7
53. Kg2 Kh6 54. Bf7 e5 55. Kh2 Bg6 56. Be6 Kh5 57. Kh3 Bc2 58. Bg4+ Kg6 59. Kg2
Bf5 60. Kh3 h5 61. Bxf5+ Kxf5 62. Kg2 Ke6 63. Kf2 Kd5 64. Ke1 Kc4 65. Ke2 Kc3
0-1

[Event "International Championship of Central S"]
[Site "Paracin"]
[Date "2014.07.09"]
[Round "7.35"]
[White "Radovic, Janko"]
[Black "Stefanov, Emil"]
[Result "1-0"]
[WhiteElo "2150"]
[BlackElo "2061"]
[PlyCount "89"]
[EventDate "2014.07.04"]

1. e4 e6 2. d4 d5 3. Nd2 Nf6 4. Bd3 c5 5. dxc5 Bxc5 6. Qe2 Nc6 7. Ngf3 a6 8.
O-O Nb4 9. Nb3 Nxd3 10. cxd3 Be7 11. e5 Nd7 12. Be3 O-O 13. Rfc1 b6 14. Nbd4
Bb7 15. Nc6 Bxc6 16. Rxc6 Nc5 17. d4 Nd7 18. Rac1 h6 19. h3 Qb8 20. Qc2 Bd8 21.
Bd2 a5 22. Qb3 Qb7 23. Qb5 Ra7 24. b4 a4 25. a3 Nb8 26. Rc8 Na6 27. Ne1 Nb8 28.
Nd3 Qa6 29. Qxa6 Nxa6 30. R1c6 b5 31. Nc5 Nxc5 32. bxc5 Rb7 33. Ra6 Be7 34.
Rxf8+ Kxf8 35. Rb6 Rd7 36. Rxb5 Bd8 37. Rb8 Ke8 38. Ba5 Ke7 39. Bb4 Ke8 40. c6
Rc7 41. Ba5 Rxc6 42. Rxd8+ Ke7 43. Ra8 Rc4 44. Bb4+ Kd7 45. Bc5 1-0

[Event "International Championship of Central S"]
[Site "Paracin"]
[Date "2014.07.09"]
[Round "7.36"]
[White "Dodic, Dragan"]
[Black "Davletbayeva, Madina"]
[Result "0-1"]
[WhiteElo "2102"]
[BlackElo "2284"]
[PlyCount "72"]
[EventDate "2014.07.04"]

1. d4 Nf6 2. Nf3 e6 3. Bg5 h6 4. Bh4 b6 5. e3 Bb7 6. Nbd2 d6 7. c3 Nbd7 8. Bd3
e5 9. e4 Qe7 10. Qe2 a6 11. h3 g5 12. Bg3 Nh5 13. O-O-O Bg7 14. d5 a5 15. Bb5
O-O-O 16. Nc4 Nf4 17. Bxf4 exf4 18. Qc2 h5 19. Nd4 Bxd4 20. cxd4 Kb8 21. f3 f5
22. Rhe1 fxe4 23. fxe4 Qg7 24. a3 g4 25. b4 axb4 26. axb4 Rhf8 27. hxg4 hxg4
28. Qa4 f3 29. Re3 f2 30. Ra3 f1=Q 31. Qa7+ Kc8 32. Nxd6+ cxd6 33. Rc3+ Nc5 34.
bxc5 Qxd1+ 35. Kxd1 Qxd4+ 36. Kc2 bxc5 0-1

[Event "International Championship of Central S"]
[Site "Paracin"]
[Date "2014.07.09"]
[Round "7.37"]
[White "Manelidou, Maria"]
[Black "Bernard, Jacques"]
[Result "1/2-1/2"]
[WhiteElo "2071"]
[BlackElo "2198"]
[PlyCount "84"]
[EventDate "2014.07.04"]

1. e4 c5 2. Nf3 Nc6 3. Bb5 d6 4. c3 Nf6 5. Qe2 Bg4 6. O-O e6 7. Rd1 Be7 8. h3
Bh5 9. d4 cxd4 10. cxd4 d5 11. e5 Nd7 12. a3 Qb6 13. Be3 Bxf3 14. gxf3 Rc8 15.
Nc3 a6 16. Bxc6 Rxc6 17. Kh1 Qb3 18. Rd3 Nb6 19. Rc1 O-O 20. Rg1 Rfc8 21. f4 g6
22. f3 Na4 23. Nxa4 Qxa4 24. Rg2 Rc2 25. Rd2 Rxd2 26. Qxd2 Qb3 27. Kh2 Rc4 28.
Kg3 Bd8 29. h4 h5 30. f5 exf5 31. Bg5 Bb6 32. Bf6 Kh7 33. e6 fxe6 34. Be5 Bd8
35. Qe2 Rc6 36. Kh3 Rc1 37. Bh2 Qd1 38. Qxe6 Qxf3+ 39. Rg3 Qf1+ 40. Rg2 Qf3+
41. Rg3 Qf1+ 42. Rg2 Qf3+ 1/2-1/2

[Event "International Championship of Central S"]
[Site "Paracin"]
[Date "2014.07.09"]
[Round "7.38"]
[White "Pecurica, Milos"]
[Black "Marjanovics, Annamaria"]
[Result "1-0"]
[WhiteElo "2192"]
[BlackElo "2051"]
[PlyCount "133"]
[EventDate "2014.07.04"]

1. d4 f5 2. g3 Nf6 3. Bg2 g6 4. Nf3 Bg7 5. O-O O-O 6. c4 d6 7. Nc3 Nc6 8. d5
Ne5 9. Nxe5 dxe5 10. Qb3 h6 11. c5 Kh8 12. Rd1 g5 13. a4 a6 14. a5 Qe8 15. c6
bxc6 16. dxc6 e4 17. Qc4 e5 18. Be3 Be6 19. Qa4 Qf7 20. Ra3 Rfb8 21. b4 Bf8 22.
Rb1 Bc4 23. Raa1 Nd5 24. Nxd5 Qxd5 25. Rb2 Rb5 26. Rc1 Qe6 27. Qc2 Bd5 28. Bd2
Bd6 29. e3 Rbb8 30. Qc3 Qe7 31. Bf1 Kg7 32. Rcb1 Kg6 33. Ra1 Ra7 34. b5 axb5
35. Rxb5 Rxb5 36. Bxb5 Qe8 37. Rb1 Qb8 38. Qc2 Qa8 39. a6 Qg8 40. Bb4 Bxb4 41.
Rxb4 Qf7 42. Rb1 Kf6 43. Rd1 Be6 44. Qc3 Ra8 45. Rd2 Ra7 46. Be2 Bc8 47. Qa5
Qf8 48. Rb2 Qd6 49. Rb7 Ra8 50. Qb5 f4 51. a7 f3 52. Bf1 Be6 53. Qa6 Bd5 54.
Rb8 Bxc6 55. Qc8 Rxa7 56. Qg8 Ra8 57. Rxa8 Bxa8 58. Qxa8 c6 59. Qa1 Qe6 60. Qc3
Qd6 61. Qc4 Qd5 62. Qxd5 cxd5 63. Ba6 d4 64. Bb7 Kf5 65. Kf1 d3 66. Ke1 h5 67.
h3 1-0

[Event "International Championship of Central S"]
[Site "Paracin"]
[Date "2014.07.09"]
[Round "7.39"]
[White "Tomic, Aleksandar"]
[Black "Djordjevic, Gradimir"]
[Result "0-1"]
[WhiteElo "2019"]
[BlackElo "2160"]
[PlyCount "134"]
[EventDate "2014.07.04"]

1. Nf3 d5 2. g3 c5 3. Bg2 Nc6 4. c4 d4 5. O-O Nf6 6. d3 e5 7. e3 Be7 8. exd4
exd4 9. Re1 O-O 10. Bf4 Bd6 11. Ne5 Nxe5 12. Bxe5 Bxe5 13. Rxe5 Qd6 14. Re1 Rb8
15. Nd2 Be6 16. a4 b6 17. Nf3 Rfe8 18. Qd2 Bg4 19. h3 Rxe1+ 20. Rxe1 Bxf3 21.
Bxf3 Qd7 22. g4 Rd8 23. Qf4 h6 24. h4 Re8 25. Rxe8+ Qxe8 26. b3 Qe7 27. Kg2 Ne8
28. Qb8 Kh7 29. Be4+ g6 30. h5 Kg7 31. hxg6 fxg6 32. Bf3 Nf6 33. Qf4 Ne8 34.
Qb8 Qd7 35. Qe5+ Nf6 36. a5 Kf7 37. a6 Nxg4 38. Bd5+ Kf8 39. Qh8+ Ke7 40. Qg7+
Kd8 41. Qxg6 Ne5 42. Qf6+ Qe7 43. Qxe7+ Kxe7 44. Be4 Kf6 45. Kg3 Nf7 46. Kf4
Nd6 47. Bg2 b5 48. Bh3 bxc4 49. bxc4 h5 50. Bg2 Nf7 51. Ke4 Ne5 52. Bf1 Ke6 53.
f4 Nc6 54. Bh3+ Kd6 55. Kf5 Nb4 56. Bf1 Nxa6 57. Kg6 Nc7 58. f5 a5 59. f6 Ne8
60. f7 Ke7 61. Bg2 Nd6 62. Bc6 Nxf7 63. Kxh5 Ne5 64. Ba4 Nxd3 65. Kg4 Nb2 66.
Bb3 a4 67. Ba2 d3 0-1

[Event "International Championship of Central S"]
[Site "Paracin"]
[Date "2014.07.09"]
[Round "7.40"]
[White "Radovic, Luka"]
[Black "Magnusson, Roger"]
[Result "1-0"]
[WhiteElo "2140"]
[BlackElo "2000"]
[PlyCount "70"]
[EventDate "2014.07.04"]

1. Nf3 c5 2. c4 e6 3. g3 Nc6 4. Bg2 Nf6 5. O-O Be7 6. Nc3 O-O 7. e4 d6 8. d4
cxd4 9. Nxd4 a6 10. b3 Bd7 11. Bb2 Rc8 12. Rc1 Qa5 13. Re1 Rfe8 14. h3 Bf8 15.
g4 h6 16. Qd2 Ne5 17. Rcd1 Qc5 18. Kh1 Ng6 19. Nf3 Red8 20. Qe3 Qa5 21. e5 dxe5
22. Nxe5 Bc5 23. Qg3 Bxf2 24. Qxf2 Nxe5 25. Nd5 exd5 26. Rxe5 Rc6 27. cxd5 Rd6
28. g5 hxg5 29. Rxg5 Ne8 30. Qh4 Rg6 31. Rxg6 fxg6 32. Qe7 Kh7 33. b4 Qb6 34.
Bd4 Qc7 35. d6 Qc2 1-0

[Event "International Championship of Central S"]
[Site "Paracin"]
[Date "2014.07.09"]
[Round "7.41"]
[White "Mazet, Julien"]
[Black "Zlatanovic, Zoran"]
[Result "1-0"]
[WhiteElo "2083"]
[BlackElo "2188"]
[PlyCount "63"]
[EventDate "2014.07.04"]

1. d4 Nf6 2. Nf3 e6 3. c4 Bb4+ 4. Nbd2 b6 5. g3 Bb7 6. Bg2 O-O 7. O-O Bxd2 8.
Bxd2 d6 9. Bc3 Nbd7 10. b3 Be4 11. Rc1 a5 12. Ne1 Bxg2 13. Nxg2 Qe7 14. Nf4 c6
15. Qd3 e5 16. dxe5 dxe5 17. Ng2 Qe6 18. Ne3 g6 19. Rfd1 Rfe8 20. Qd6 Nc5 21.
Qxe6 Rxe6 22. f3 Kf8 23. Bb2 Ke7 24. Ba3 Nfd7 25. Rd2 Rd6 26. Rcd1 Rxd2 27.
Rxd2 f5 28. Nd1 Ke6 29. Nc3 g5 30. Kg2 h5 31. Na4 Nb7 32. Rxd7 1-0

[Event "International Championship of Central S"]
[Site "Paracin"]
[Date "2014.07.09"]
[Round "7.42"]
[White "Brkic, Toma"]
[Black "Lazov, Toni"]
[Result "0-1"]
[WhiteElo "2111"]
[BlackElo "2001"]
[PlyCount "78"]
[EventDate "2014.07.04"]

1. e4 c5 2. Nf3 d6 3. d4 Nf6 4. Nc3 cxd4 5. Nxd4 a6 6. Bd3 e5 7. Nde2 Be6 8.
O-O Be7 9. Kh1 Nbd7 10. f4 Qc7 11. Be3 b5 12. a3 Nb6 13. b3 Qb7 14. Qe1 h5 15.
Qg3 h4 16. Qf2 Ng4 17. Qg1 Nxe3 18. Qxe3 h3 19. g3 f6 20. f5 Bf7 21. g4 d5 22.
Qf3 d4 23. Nd1 Nd7 24. Nf2 Nc5 25. b4 Nxd3 26. cxd3 a5 27. Nxh3 axb4 28. axb4
Bxb4 29. Nf2 Kd7 30. Rab1 Bd2 31. Rb2 Bc3 32. Nxc3 dxc3 33. Rb4 Ra4 34. Rxa4
bxa4 35. Qd1 Bb3 36. Qa1 Qb4 37. Rc1 Rc8 38. Nd1 c2 39. Ne3 Qd4 0-1

[Event "International Championship of Central S"]
[Site "Paracin"]
[Date "2014.07.09"]
[Round "7.43"]
[White "Soilemetzidis, Konstantinos"]
[Black "Radovic, Stefan"]
[Result "0-1"]
[WhiteElo "1909"]
[BlackElo "2072"]
[PlyCount "98"]
[EventDate "2014.07.04"]

1. e4 c5 2. b4 cxb4 3. d4 d5 4. exd5 Nf6 5. a3 Qxd5 6. c4 bxc3 7. Nxc3 Qa5 8.
Bd2 e6 9. Nf3 Be7 10. Bc4 Qd8 11. O-O O-O 12. Bf4 a6 13. Re1 Nc6 14. d5 exd5
15. Bxd5 Re8 16. Bxf7+ Kxf7 17. Qb3+ Kg6 18. Rad1 Qa5 19. Ne5+ Kf5 20. Nxc6
bxc6 21. Re5+ Qxe5 22. Bxe5 Kxe5 23. Na4 Nd5 24. Qg3+ Kf6 25. Qf3+ Kg6 26. Qg3+
Kf7 27. Qf3+ Bf6 28. Qh5+ Kf8 29. Qxh7 Be6 30. Nc5 Rad8 31. h3 Nf4 32. Re1 Bc8
33. Rxe8+ Rxe8 34. Nd3 Nxd3 35. Qxd3 Rd8 36. Qf3 c5 37. g4 Ke7 38. Qe3+ Kd6 39.
g5 Bd4 40. Qg3+ Kc6 41. Qb8 Rf8 42. Qa8+ Kc7 43. Qe4 Rxf2 44. Qe7+ Kb6 45. Qd8+
Ka7 46. Qc7+ Bb7 47. Qa5 c4 48. Qa4 Bc6 49. Qxc4 Rd2+ 0-1

[Event "International Championship of Central S"]
[Site "Paracin"]
[Date "2014.07.09"]
[Round "7.44"]
[White "Stojkovska, Monika"]
[Black "Drogovoz, Maria"]
[Result "0-1"]
[WhiteElo "2040"]
[BlackElo "1952"]
[PlyCount "114"]
[EventDate "2014.07.04"]

1. e4 c5 2. Nf3 d6 3. d4 cxd4 4. Nxd4 Nf6 5. Nc3 a6 6. Be2 e6 7. f4 Qc7 8. O-O
Be7 9. a4 Nc6 10. Be3 O-O 11. Qe1 Bd7 12. Qg3 Rfe8 13. Bd3 Bf8 14. Nxc6 Bxc6
15. Bd4 Nd7 16. Kh1 e5 17. Be3 exf4 18. Rxf4 Ne5 19. Raf1 Rad8 20. Bd4 Rd7 21.
Nd5 Bxd5 22. exd5 g6 23. Rh4 Bg7 24. Qh3 h5 25. Be2 Rde7 26. Bc3 Qc5 27. Bxh5
gxh5 28. Rxh5 Qc4 29. Qf5 Qg4 30. Qh7+ Kf8 31. h4 Qg6 32. Bb4 Qxh7 33. Rxh7 Rd7
34. Rh5 Ke7 35. Rg5 Bh8 36. h5 Rc7 37. Bc3 Rc4 38. Rgf5 Rf8 39. R1f4 Rxf4 40.
Rxf4 Bf6 41. Rb4 Rb8 42. Bd4 b5 43. Ba7 Rb7 44. Be3 Nc4 45. Bc1 Bd4 46. Rb3 Kf6
47. g4 Ke5 48. h6 Kxd5 49. Rd3 Ke4 50. b3 Ne5 51. Rg3 bxa4 52. c3 Rxb3 53. cxd4
Rxg3 54. dxe5 dxe5 55. g5 Kf5 56. Kh2 Rc3 57. h7 Rc8 0-1

[Event "International Championship of Central S"]
[Site "Paracin"]
[Date "2014.07.09"]
[Round "7.45"]
[White "Popchev, Milko"]
[Black "Cvetanovic, Uros"]
[Result "0-1"]
[WhiteElo "2331"]
[BlackElo "2323"]
[PlyCount "130"]
[EventDate "2014.07.04"]

1. Nf3 Nf6 2. g3 g6 3. Bg2 Bg7 4. O-O O-O 5. d4 c5 6. e3 cxd4 7. exd4 d6 8. c4
Bg4 9. h3 Bd7 10. b3 Na6 11. Bb2 b5 12. cxb5 Bxb5 13. Re1 Nb4 14. Nc3 Ba6 15.
Bf1 Bxf1 16. Kxf1 Nbd5 17. Nxd5 Nxd5 18. Kg2 Qb6 19. Qd2 a5 20. Rab1 h6 21. Ba1
Kh7 22. Rec1 Qb4 23. Rc4 Qxd2 24. Nxd2 h5 25. Nf1 Bh6 26. Re1 Rfc8 27. Ne3
Nxe3+ 28. fxe3 Rxc4 29. bxc4 Rc8 30. Kf3 Rxc4 31. Re2 Bg7 32. Bb2 e5 33. Ke4
Rc6 34. Kd5 Rb6 35. dxe5 dxe5 36. e4 f6 37. Bc1 Bf8 38. Be3 Rd6+ 39. Kc4 a4 40.
Rb2 Rd7 41. g4 a3 42. Rb6 Kg7 43. gxh5 gxh5 44. Ra6 Kg6 45. Ra8 Kf7 46. Ra6
Rc7+ 47. Kd3 Kg6 48. Ra8 Bb4 49. Rb8 Be7 50. Rh8 Bc5 51. Bd2 Rd7+ 52. Kc2 Rd4
53. Rh6+ Kg7 54. Rxh5 Rxe4 55. Rf5 Kg6 56. Rf3 f5 57. Rc3 Bb4 58. Rc6+ Kf7 59.
Bg5 f4 60. h4 Re2+ 61. Kb3 Rb2+ 62. Ka4 Bf8 63. h5 Rxa2 64. Rc7+ Ke6 65. h6 Rh2
0-1